000
00320 a2200109 4500
001
ART_18417
005
20260410161701.0
008
260409a
245
1
0
_a
Algunos comentarios sobre bienes personales
100
1
_a
Gualtieri, Orlando A.
773
0
_t
Revista Impuestos
_g
- NÂș 1 (ene. 2013)
_w
REV639
999
_c
15224
_d
15224